Derecho aduanero mexicano (Registro nro. 319799)

Detalles MARC
000 -ENCABEZADO
Número de control [NR] 00947nam a2200265 a 4500
005 - FECHA Y HORA DE LA ÚLTIMA TRANSACCIÓN
control field 20211103102812.0
008 - DE LONGITUD FIJA DE DATOS DE ELEMENTOS - INFORMACIÓN GENERAL
Elementos de longitud fija [NR] 120830s2021 mx |||gr|||| 00| 0 spa d
020 ## - NUMERO INTERNACIONAL NORMALIZADO PARA LIBROS [R]
Número Internacional Normalizado del libro [NR] 9788413971421
040 ## - FUENTE DE CATALOGACION [NR]
Agencia de catalogación original [NR] CO-BoUCM
Idioma de catalogación [NR] spa
Quien Cataloga Deissy Garcia
Quien Clasifica Deissy Garcia
041 0# - CODIGO DE IDIOMA [R]
Código de idioma para texto/pista de sonido o título separado [R] Español
100 ## - ASIENTO PRINCIPAL--NOMBRE PERSONAL [NR]
Nombre personal [NR] Rohde Ponce, Andrés
ID Autoridad 128233
245 10 - MENCION DE TITULO [NR]
Título [NR] Derecho aduanero mexicano
Mención de responsabilidad, etc. [NR] Andrés Rohde Ponce
250 ## - MENCION DE EDICION [NR]
Mención de edición [NR] 2a.Ed.
260 ## - PUBLICACION, DISTRIBUCION, ETC. (PIE DE IMPRENTA) [R]
Lugar de publicación, distribución, etc. [R] Ciudad de México
Nombre del editor, distribuidor, etc. [R] Tirant Lo Blanch
Fecha de publicación, distribución, etc. [R] 2021
300 ## - DESCRIPCION FISICA [R]
Extensión [R] 1278 páginas
490 0# - MENCION DE SERIE [R]
Mención de serie [R] Manuales
504 ## - NOTA DE BIBLIOGRAFIA, ETC. [R]
Nota de bibliografía, etc. [NR] Incluye referencias bibliográficas e índices
505 ## - NOTA DE CONTENIDO CON FORMATO PREESTABLECIDO [R]
Mención de responsabilidad [R] T.1. Fundamentos y regulaciones de la actividad aduanera.
650 #7 - ASIENTO SECUNDARIO DE MATERIA - TERMINO TEMATICO [R]
Término temático o nombre geográfico como elemento de entrada [NR] Aduanas
Subdivisión general [R] Legislación
Subdivisión geográfica [R] México
9 (RLIN) 40835
650 #7 - ASIENTO SECUNDARIO DE MATERIA - TERMINO TEMATICO [R]
Término temático o nombre geográfico como elemento de entrada [NR] Derecho tributario
Subdivisión geográfica [R] México
9 (RLIN) 154251
650 #7 - ASIENTO SECUNDARIO DE MATERIA - TERMINO TEMATICO [R]
Término temático o nombre geográfico como elemento de entrada [NR] Legislación aduanera
Subdivisión geográfica [R] México
9 (RLIN) 82580
650 #7 - ASIENTO SECUNDARIO DE MATERIA - TERMINO TEMATICO [R]
Término temático o nombre geográfico como elemento de entrada [NR] Aranceles de aduana
Subdivisión geográfica [R] México
9 (RLIN) 40836
942 ## - ELEMENTOS DE ENTRADA AGREGADOS (KOHA)
Tipo de ítem principal el descrito en 300a Libro
Sistema de clasificación DEWEY
Tema principal Derecho
Edición 2
Clasificación 343.056
Parte restante de la signatura top. R737d
Título oculto en OPAC No
Existencias
Signatura topográfica Código de barras Última vez visto Volúmen / Fascículo Ejemplar Costo de reposición Price effective from Tipo de ítem Perdido Sistema de clasificación Dañado No prestable Tipo de ítem específico Suprimido Ubicación habitual Ubicación actual Localización Fecha de creación Proveedor Forma de adquisición Costo
343.056 R737d 100168495 05/12/2025 2a.Ed. T.1 Ej.1 701746.00 22/10/2021 Libro   DEWEY     Libro   Claustro Claustro 3er piso 22/10/2021 157 Compra 701746.00